Statistiques concernant Devine la marque de voiture à l'aide d'indices

Cliquez ici pour prendre le quiz!

Statistiques générales

  • Ce quiz a été pris 95 fois
  • Le résultat moyen est 8 sur 12

Statistiques - réponses

Réponse% Correct
Ferrari
98%
Audi
96%
Mercedes
90%
Bmw
78%
Mini
68%
Bentley
65%
Rolls Royce
64%
DS
59%
Porsche
52%
Volkswagen
44%
Lexus
28%
Skoda
26%

Distribution des résultats

Percentile par nombre de réponses

% des personnes avec chaque résultat

Votre développement - résultats

Vous n’avez pas pris ce quiz